Минимизация емкости декады индуктивного делителя напряжения; Известия Томского политехнического университета [Известия ТПУ]; Т. 321, № 4 : Энергетика

Détails bibliographiques
Parent link:Известия Томского политехнического университета [Известия ТПУ]/ Томский политехнический университет (ТПУ).— , 2000-
Т. 321, № 4 : Энергетика.— 2012.— [С. 140-143]
Auteur principal: Заревич А. И. Антон Иванович
Autres auteurs: Муравьев С. В. Сергей Васильевич
Résumé:Заглавие с титульного листа
Электронная версия печатной публикации
Описаны способы снижения емкостной компоненты погрешности коэффициента деления индуктивного делителя напряжения, основанные на оптимизации конфигурации обмоток. С учётом физических свойств и размеров магнитопровода, а также требований к входному сигналу определено минимальное количество витков обмотки декады.
Langue:russe
Publié: 2012
Collection:Энергетика
Sujets:
Accès en ligne:http://earchive.tpu.ru/bitstream/11683/4476/1/bulletin_tpu-2012-321-4-31.pdf
Format: MixedMaterials Électronique Chapitre de livre
KOHA link:https://koha.lib.tpu.ru/cgi-bin/koha/opac-detail.pl?biblionumber=231729

MARC

LEADER 00000nla2a2200000 4500
001 231729
005 20240122115046.0
035 |a (RuTPU)RU\TPU\book\252752 
035 |a RU\TPU\book\252751 
090 |a 231729 
100 |a 20130205d2012 k y0rusy50 ca 
101 0 |a rus 
102 |a RU 
135 |a drnn ---uucaa 
181 0 |a i  
182 0 |a b 
200 1 |a Минимизация емкости декады индуктивного делителя напряжения  |f А. И. Заревич, С. В. Муравьев 
203 |a Текст  |c электронный 
215 |a 1 файл (523 Кб) 
225 1 |a Энергетика 
300 |a Заглавие с титульного листа 
300 |a Электронная версия печатной публикации 
320 |a [Библиогр.: с. 143 (6 назв.)] 
330 |a Описаны способы снижения емкостной компоненты погрешности коэффициента деления индуктивного делителя напряжения, основанные на оптимизации конфигурации обмоток. С учётом физических свойств и размеров магнитопровода, а также требований к входному сигналу определено минимальное количество витков обмотки декады. 
337 |a Adobe Reader 
461 1 |0 (RuTPU)RU\TPU\book\176237  |t Известия Томского политехнического университета [Известия ТПУ]  |f Томский политехнический университет (ТПУ)  |d 2000- 
463 1 |0 (RuTPU)RU\TPU\book\251719  |x 1684-8519  |t Т. 321, № 4 : Энергетика  |v [С. 140-143]  |d 2012  |p 204 с. 
610 1 |a индуктивные делители 
610 1 |a напряжение 
610 1 |a межобмоточные емкости 
610 1 |a измерения 
610 1 |a погрешности 
610 1 |a магнитопроводы 
610 1 |a входные сигналы 
610 1 |a минимизация 
610 1 |a труды учёных ТПУ 
610 1 |a электронный ресурс 
700 1 |a Заревич  |b А. И.  |c российский ученый, специалист в области компьютерных измерительных систем  |c доцент Томского политехнического университета, кандидат технических наук  |f 1977-  |g Антон Иванович  |3 (RuTPU)RU\TPU\pers\27983 
701 1 |a Муравьев  |b С. В.  |c специалист в области контрольно-измерительной техники  |c профессор Томского политехнического университета, доктор технических наук  |f 1954-  |g Сергей Васильевич  |3 (RuTPU)RU\TPU\pers\27989  |9 12979 
801 1 |a RU  |b 63413507  |c 20090623  |g PSBO 
801 2 |a RU  |b 63413507  |c 20220124  |g PSBO 
856 4 |u http://earchive.tpu.ru/bitstream/11683/4476/1/bulletin_tpu-2012-321-4-31.pdf 
942 |c CF